000
00311 a2200109 4500
001
ART_19563
005
20260410161922.0
008
260409a
245
1
0
_a
Práctica societaria
100
1
_a
Mascheroni, Fernando H.
773
0
_t
La información
_g
- Tomo XLI, Nº 605 (mayo 1980)
_w
REV14902
999
_c
27794
_d
27794